Democracies by continent - Statistics

General Stats
  • This quiz has been taken 28 times
  • The average score is 22 of 25
Answer Stats
World ranking Answer % Correct
12 Canada
100%
19 Chile
100%
5 Finland
100%
3 Iceland
100%
1 Norway
100%
4 Sweden
100%
30 United States of America
100%
50 Argentina
95%
51 Brazil
95%
6 Denmark
95%
16 Japan
95%
45 South Africa
95%
11 Uruguay
95%
24 South Korea
90%
29 Israel
86%
48 Suriname
86%
10 Taiwan
86%
17 Costa Rica
81%
35 Cape Verde
76%
21 Mauritius
76%
42 Jamaica
71%
40 Malaysia
71%
58 Namibia
71%
32 Botswana
57%
41 Trinidad and Tobago
57%
No matching quizzes found
Score Distribution
Percent of People with Each Score
Percentile by Number Answered
Your Score History
You have not taken this quiz